[Event "Niedersachsen-ch op A"]
[Site "Verden"]
[Date "2019.01.06"]
[Round "7"]
[White "Sommer, Andreas"]
[Black "Heyne, Jan Hendrik"]
[Result "1/2-1/2"]
[WhiteElo "1742"]
[BlackElo "1998"]
[PlyCount "109"]
[EventDate "2019.01.03"]
[EventType "swiss"]
[EventRounds "7"]
[EventCountry "GER"]
[SourceTitle "EXT 2022"]
[Source "ChessBase"]
[SourceDate "2021.10.06"]
[SourceVersion "1"]
[SourceVersionDate "2021.10.06"]
[SourceQuality "1"]

1. d4 d5 2. c4 e6 3. Nf3 Nf6 4. Bg5 Be7 5. e3 0-0 6. Bd3 a6 7. 0-0 dxc4 8. Bxc4 b5 9. Bd3 Bb7 10. Nc3 Nbd7 11. Rc1 c5 12. dxc5 Nxc5 13. Bc2 Qb6 14. Qe2 Rac8 15. Nd4 b4 16. Nb1 Qa5 17. Nd2 Nb3 18. N2xb3 Qxg5 19. Nf3 Qh5 20. Rfd1 Rfd8 21. Nbd4 Bd6 22. h3 Bb8 23. Rd2 Ne4 24. Rdd1 e5 25. Nh2 Qxe2 26. Nxe2 Kf8 27. Nf3 Ke7 28. Bb3 Rxc1 29. Rxc1 Nd2 30. Nxd2 Rxd2 31. Rc2 Rxc2 32. Bxc2 Bd5 33. Nc1 Bd6 34. b3 Bc6 35. f3 Bc5 36. Kf2 Ke6 37. Nd3 Be7 38. Nb2 h6 39. Nc4 f6 40. g4 Bc5 41. h4 Ba7 42. Bf5+ Ke7 43. h5 Bb5 44. Bd3 Bd7 45. Ke2 Be6 46. Na5 Kd6 47. Bxa6 Kc5 48. Bd3 Bb6 49. Nc4 Bd8 50. Nd2 Kc6 51. Ne4 f5 52. gxf5 Bxf5 53. Ng3 Be6 54. Bf5 Bf7 55. Bg4 1/2-1/2

[Event "Bremen-ch op"]
[Site "Bremen"]
[Date "2018.03.29"]
[Round "7"]
[White "Sommer, Andreas"]
[Black "Viet, Silas"]
[Result "0-1"]
[WhiteElo "1825"]
[BlackElo "1478"]
[PlyCount "38"]
[EventDate "2018.03.24"]
[EventType "swiss"]
[EventRounds "9"]
[EventCountry "GER"]
[SourceTitle "EXT 2019"]
[Source "ChessBase"]
[SourceDate "2018.10.10"]
[SourceVersion "1"]
[SourceVersionDate "2018.10.10"]
[SourceQuality "1"]

1. d4 Nf6 2. c4 g6 3. Nc3 Bg7 4. g3 0-0 5. Bg2 c5 6. e3 d6 7. Nge2 Nc6 8. 0-0 Rb8 9. dxc5 dxc5 10. Bxc6 bxc6 11. Qa4 Qb6 12. Qc2 Be6 13. b3 Bf5 14. Qd2 Rfd8 15. Qb2 Rd3 16. Na4 Qa5 17. Qa3 Ne4 18. Nf4 Rdd8 19. Nxc5 Qxc5 0-1

[Event "Bremen-ch op"]
[Site "Bremen"]
[Date "2018.03.27"]
[Round "5"]
[White "Sommer, Andreas"]
[Black "Veit, Ingo"]
[Result "1/2-1/2"]
[WhiteElo "1825"]
[BlackElo "1969"]
[PlyCount "58"]
[EventDate "2018.03.24"]
[EventType "swiss"]
[EventRounds "9"]
[EventCountry "GER"]
[SourceTitle "EXT 2019"]
[Source "ChessBase"]
[SourceDate "2018.10.10"]
[SourceVersion "1"]
[SourceVersionDate "2018.10.10"]
[SourceQuality "1"]

1. d4 e6 2. c4 f5 3. Nc3 Nf6 4. g3 Be7 5. Bg2 d6 6. Nf3 0-0 7. 0-0 Ne4 8. Qc2 Nxc3 9. Qxc3 Bf6 10. Qb3 c5 11. dxc5 dxc5 12. Rd1 Qc7 13. Bg5 Nc6 14. Bxf6 gxf6 15. e3 e5 16. Rd2 Be6 17. Qc3 Rad8 18. Rad1 Rxd2 19. Rxd2 Rd8 20. b3 Rd6 21. Nh4 Qd7 22. Rxd6 Qxd6 23. Qc2 Nb4 24. Qe2 Qd7 25. a3 Nc6 26. Bh3 Na5 27. Qc2 e4 28. Bf1 Nc6 29. f4 a5 1/2-1/2

[Event "Bremen-ch op"]
[Site "Bremen"]
[Date "2016.03.24"]
[Round "7"]
[White "Jung, Gerald"]
[Black "Sommer, Andreas"]
[Result "1-0"]
[WhiteElo "1929"]
[BlackElo "1821"]
[PlyCount "43"]
[EventDate "2016.03.19"]
[EventType "swiss"]
[EventRounds "9"]
[EventCountry "GER"]
[SourceTitle "EXT 2018"]
[Source "ChessBase"]
[SourceDate "2017.10.13"]
[SourceVersion "1"]
[SourceVersionDate "2017.10.13"]
[SourceQuality "1"]

1. Nc3 d5 2. e4 d4 3. Nce2 c5 4. Ng3 e5 5. Bc4 Nf6 6. Nf3 Bd6 7. 0-0 0-0 8. h3 Nc6 9. a3 a6 10. d3 b5 11. Ba2 h6 12. Nh4 Ne7 13. f4 exf4 14. Bxf4 Bxf4 15. Rxf4 Qd6 16. Qf3 Be6 17. Rxf6 gxf6 18. Nh5 Ng6 19. Qxf6 Qe5 20. Nxg6 Qxf6 21. Nxf6+ Kg7 22. Nxf8 1-0

[Event "Niedersachsen-ch op-A"]
[Site "Verden"]
[Date "2015.01.04"]
[Round "5"]
[White "Traetmar, Mattis"]
[Black "Sommer, Andreas"]
[Result "1-0"]
[WhiteElo "1794"]
[BlackElo "1789"]
[PlyCount "93"]
[EventDate "2015.01.02"]
[EventType "swiss"]
[EventRounds "7"]
[EventCountry "GER"]
[SourceTitle "EXT 2018"]
[Source "ChessBase"]
[SourceDate "2017.10.13"]
[SourceVersion "1"]
[SourceVersionDate "2017.10.13"]
[SourceQuality "1"]

1. e4 e6 2. d4 d5 3. Nc3 dxe4 4. Nxe4 Nd7 5. Nf3 Ngf6 6. Bg5 Be7 7. Nxf6+ Bxf6 8. Bf4 0-0 9. Be2 Re8 10. 0-0 c5 11. c3 cxd4 12. cxd4 Nb6 13. Rc1 Nd5 14. Bg3 Qb6 15. Qd2 Bd7 16. Rc5 Rac8 17. Rfc1 Rxc5 18. dxc5 Qb4 19. Rc2 Qxd2 20. Nxd2 Nb4 21. Rc1 Bg5 22. a3 Nd5 23. Rc2 f5 24. Be5 Rc8 25. b4 b6 26. Ba6 Rd8 27. Nf3 Bf4 28. c6 Bc8 29. Bxc8 Rxc8 30. Bxf4 Nxf4 31. Nd4 Kf7 32. Nb5 Ke7 33. Nxa7 Rc7 34. Nb5 Rc8 35. a4 Nd5 36. Rc4 Ra8 37. Na3 Kd6 38. b5 e5 39. Kf1 Nf4 40. c7 Kd7 41. a5 bxa5 42. b6 Kc8 43. Nb5 Kb7 44. c8Q+ Rxc8 45. Nd6+ Kxb6 46. Rxc8 a4 47. Ra8 1-0

[Event "Bremen-ch op"]
[Site "Bremen"]
[Date "2014.04.14"]
[Round "2"]
[White "Sommer, Andreas"]
[Black "Koloski, Brigitta"]
[Result "1-0"]
[WhiteElo "1748"]
[BlackElo "1151"]
[PlyCount "70"]
[EventDate "2014.04.14"]
[EventType "swiss"]
[EventRounds "9"]
[EventCountry "GER"]
[SourceTitle "EXT 2018"]
[Source "ChessBase"]
[SourceDate "2017.10.13"]
[SourceVersion "1"]
[SourceVersionDate "2017.10.13"]
[SourceQuality "1"]

1. d4 d5 2. c4 e6 3. Nc3 Bb4 4. e3 Nf6 5. Bd3 0-0 6. Nge2 Ne4 7. 0-0 c6 8. Nxe4 dxe4 9. Bxe4 f5 10. Bf3 Be7 11. Qb3 Rf6 12. Rd1 Qb6 13. Nf4 g5 14. Nd3 Nd7 15. h3 Qc7 16. e4 f4 17. Bd2 Rh6 18. Rac1 Qb6 19. d5 e5 20. Bc3 Bf6 21. c5 Qxb3 22. axb3 Kg7 23. d6 a5 24. Bg4 Kf7 25. Bxd7 Bxd7 26. Bxe5 Ke6 27. Bxf6 Kxf6 28. Ra1 f3 29. gxf3 Rxh3 30. Kg2 Rh4 31. Rh1 Rxh1 32. Rxh1 Kg6 33. Ne5+ Kg7 34. Nxd7 a4 35. Nb6 Ra5 1-0